Statistics for Fantastic Beasts and Where to Find Them Creatures Quiz

Click here to take the quiz!

General Stats

  • This quiz has been taken 132 times
  • The average score is 8 of 15

Answer Stats

HintAnswer% Correct
Loves shiny thingsNiffler
96%
Stick like creature that hides in Newt's pocketBowtruckle
79%
Can turn invisibleDemiguise
73%
When he flaps his wings, he creates a stormThunderbird
70%
Blue snakelike chronaptyxic birdOccamy
61%
Developed when a witch or wizard represses his or her magicObscurus
53%
It's venom has incredibly powerful obliviative propertiesSwooping evil
49%
Large rhinoceros like creature with a glowing hornErumpent
48%
Small alpaca like creature with huge eyesMooncalf
46%
The insect like creature that we never actually saw return to the caseBillywig
42%
Pink bird who's song can drive a person madFwooper
36%
Newt never fought in a war because he worked mostly with theseDragons
35%
Newt saved the last breeding pair in existenceGraphorn
33%
Huge three headed snakeRunespoor
28%
Newt told Tina that he came to NY to buy one of thesePuffskein
19%

Score Distribution

Percentile by Number Answered

Percent of People with Each Score

Your Score History

You have not taken this quiz